| 000 | 00353nam a22001457a 4500 | ||
|---|---|---|---|
| 003 | MACL | ||
| 005 | 20191115170258.0 | ||
| 008 | 191115b xxu||||| |||| 00| 0 eng d | ||
| 040 | _c MACL | ||
| 100 |
_aGupta , Sheetal _977140 |
||
| 245 | _aArt and Craft in India | ||
| 260 |
_aAllahabad _bNoni Pra _c2014 |
||
| 650 |
_aArt _977141 |
||
| 942 |
_2ddc _cBK |
||
| 999 |
_c61313 _d61313 |
||